000 00702nam a22001937a 4500
005 20240827161522.0
010 _aENG-141479
020 _a9788178245584
_c595.00
035 _aEN-125011
037 _bDBAD
082 _a320.557
_22
100 _aAyoob, Mohammed
_970610
245 _aThe Many Faces of Political Islam:
_bReligion and Politics in Muslim Societies/
_cBy Mohammed Ayoob [and] Danielle N. Lussier
260 _aRanikhet
_bPermanent Black
_c2020
270 _aHimalayana Mall Road,Ranikhet Cantt,
_bRanikhet
_e263645
_mperblack@gmail.com
300 _axvi,245p.:
_c21cm(pb)
_bIndex
700 _aLussier, Danielle N.
_eAuthor
_970611
942 _2ddc
_cEN
_h320.557
_mAYO
_e2
999 _c205318
_d205318